Nakshatra, mānusha, mana. (Record no. 58097)
[ view plain ]
| 000 -LEADER | |
|---|---|
| fixed length control field | 00549cam a22002291 4500 |
| 001 - CONTROL NUMBER | |
| control field | sa 64003731 |
| 003 - CONTROL NUMBER IDENTIFIER | |
| control field | DLC |
| 005 - DATE AND TIME OF LATEST TRANSACTION | |
| control field | 20260227112019.0 |
| 008 - FIXED-LENGTH DATA ELEMENTS--GENERAL INFORMATION | |
| fixed length control field | 940517s1952 ii 000 0 beno |
| 010 ## - LIBRARY OF CONGRESS CONTROL NUMBER | |
| LC control number | sa 64003731 |
| 025 ## - OVERSEAS ACQUISITION NUMBER | |
| Overseas acquisition number | PL480:EP-B-266 |
| 035 ## - SYSTEM CONTROL NUMBER | |
| System control number | (OCoLC)30451206 |
| 040 ## - CATALOGING SOURCE | |
| Original cataloging agency | DLC |
| Transcribing agency | CU |
| Modifying agency | CU |
| -- | DLC |
| 042 ## - AUTHENTICATION CODE | |
| Authentication code | premarc |
| 050 00 - LIBRARY OF CONGRESS CALL NUMBER | |
| Classification number | PK1718.K483 |
| Item number | N3 |
| 100 1# - MAIN ENTRY--PERSONAL NAME | |
| Personal name | Khan, Abdur Rashid, |
| Dates associated with a name | 1927- |
| 245 10 - TITLE STATEMENT | |
| Title | Nakshatra, mānusha, mana. |
| 260 ## - PUBLICATION, DISTRIBUTION, ETC. | |
| Date of publication, distribution, etc. | [1952] |
| 300 ## - PHYSICAL DESCRIPTION | |
| Extent | 58 p. |
| Dimensions | 22 cm. |
| 500 ## - GENERAL NOTE | |
| General note | In Bengali. |
| 500 ## - GENERAL NOTE | |
| General note | Poems. |
No items available.